000 00206nam a22000977a 4500
005 20230724122953.0
008 230724b |||||||| |||| 00| 0 eng d
245 _aOUTLOOK MONEY
260 _c2023
942 _cJRL
999 _c8324
_d8322